000 00576cam a2200181 a 4500
001 000001547
005 20200929145621.0
008 761129s1975 ve a bc 001 0 spa
082 _a016.987
_bD772i
100 1 _aDrenikoff, Iván.
_95072
245 1 0 _aImpresos y mapas antiguos de Venezuela /
_cIván Drenikoff.
260 _aCaracas :
_bCongreso de la República,
_c1975.
300 _a189 p. :
_bil. ;
_c23 cm.
651 4 _aVenezuela
_xIncunables
_95073
651 4 _aVenezuela
_xMapas
_xCatálogos
_95074
650 4 _aImprenta
_zVenezuela
_xHistoria
_95075
999 _c1449
_d1449
040 _aDO-SdBNP